书目信息 |
| 题名: |
美语会话
|
|
| 作者: | 王少如 主编 | |
| 分册: | ||
| 出版信息: | 上海 上海世界图书出版公司 2005.05 |
|
| 页数: | 258页 | |
| 开本: | 21cm | |
| 丛书名: | VOA英语教学节目丛书 | |
| 单 册: | ||
| 中图分类: | H319.9 | |
| 科图分类: | ||
| 主题词: | 英语--ying yu--口语--美国--自学参考资料 | |
| 电子资源: | ||
| ISBN: | 7-5062-6871-X | |
| 000 | 01000nam 2200277 450 | |
| 001 | 012006083144 | |
| 005 | 20060805142154.81 | |
| 010 | @a7-5062-6871-X@dCNY20.00 (含光盘) | |
| 100 | @a20060805d2005 km y0chiy0120 ea | |
| 101 | 0 | @achi@aeng |
| 102 | @aCN@b310000 | |
| 105 | @aa z 000yy | |
| 106 | @ar | |
| 200 | 1 | @a美语会话@Amei yu hui hua@d= English USA@f王少如主编@Fwang shao ru zhu bian@zeng |
| 210 | @a上海@c上海世界图书出版公司@d2005.05 | |
| 215 | @a258页@c图@d21cm@e光盘1片 | |
| 225 | 2 | @aVOA英语教学节目丛书@AVOA ying yu jiao xue jie mu cong shu |
| 330 | @a本书以美国之音记者采访活动为主线,贯穿不同的社会热点和广泛的生活话题,情景开阔,题材丰富,对话实用,最适合广大读者学习美国日常口语。 | |
| 333 | @a英语学习者。 | |
| 410 | 0 | @12001 @aVOA英语教学节目丛书 |
| 510 | 1 | @aEnglish USA@zeng |
| 606 | 0 | @a英语@Aying yu@x口语@y美国@j自学参考资料 |
| 690 | @aH319.9@v4 | |
| 701 | 0 | @a王少如@Awang shao ru@4主编 |
| 801 | 0 | @aCN@bQSSK@c20060805 |
| 905 | @b597881-85@dH319.9@eW335 | |
| 美语会话= English USA/王少如主编.-上海:上海世界图书出版公司,2005.05 |
| 258页:图;21cm+光盘1片.-(VOA英语教学节目丛书) |
| 使用对象:英语学习者。 |
| ISBN 7-5062-6871-X:CNY20.00 (含光盘) |
| 本书以美国之音记者采访活动为主线,贯穿不同的社会热点和广泛的生活话题,情景开阔,题材丰富,对话实用,最适合广大读者学习美国日常口语。 |
| ● |
| 相关链接 |
|
|
|
正题名:美语会话
索取号:H319.9/W335
 
预约/预借
| 序号 | 登录号 | 条形码 | 馆藏地/架位号 | 状态 | 备注 |
| 1 | 597881 | 205978815 | 语言库209/209语言库 109排1列6层/ [索取号:H319.9/W335] | 在馆 | |
| 2 | 597882 | 205978824 | 语言库209/209语言库 109排1列6层/ [索取号:H319.9/W335] | 在馆 | |
| 3 | 597883 | 205978833 | 语言库209/209语言库 109排1列6层/ [索取号:H319.9/W335] | 在馆 | |
| 4 | 597884 | 205978842 | 语言库209/209语言库 109排1列6层/ [索取号:H319.9/W335] | 在馆 | |
| 5 | 597885 | 205978851 | 语言库209/209语言库 109排1列6层/ [索取号:H319.9/W335] | 在馆 |